000 00449nam a2200157 i 4500
001 71966
003 ES-MaACL
005 20230906171305.0
007 t|
008 040823s1963 sp ||||1| spa d
100 1 _aGil Albors, Joan Alfons.
_956761
245 1 0 _aBarrocó 62 /
_cJoan Alfons Gil Albors.
260 _aValencia :
_b[s.n.,
_c1963] (
_fImp. Sucesor de Vives Mora)
300 _a49 p. ;
_c23 cm.
852 _aES-MaACL
_j2032-F-13
_bR.52712
999 _c71966
_d71966